| 000 | 00604nam a22001337a 4500 | ||
|---|---|---|---|
| 999 |
_c533301 _d533301 |
||
| 008 | 260508b ||||| |||| 00| 0 eng d | ||
| 100 |
_aThomas, Freddy and Rassendren, Gerard _960450 |
||
| 245 | _aMacroeconomic determinants in INDIA and their impact ton the INDIAN steel industry | ||
| 260 | _aSocial Science in Perspective | ||
| 300 | _a18(1), Jan-Mar, 2026: p.62-85 | ||
| 520 | _aThis study explores the connection between key macrocosmic indicators and finished steel production in INDIA over the period 1990 to 2023. –Reproduced | ||
| 773 | _aSocial Science in Perspective | ||
| 942 | _cAR | ||